000 00519nam a2200181 i 4500
001 55347
003 ES-MaACL
005 20250829063112.0
007 t|
008 030918s1957 fr ||||1| fre d
100 1 _aDenis-Papin, Maurice
_943708
245 1 0 _aElectrotechnique générale /
_cpar Maurice Denis-Papin.
250 _a5ª ed.
260 _aParis :
_bDunod,
_c1957 (
_eMontligeon)
300 _aXXXI, 180, LXIV, p. ;
_c15 cm.
852 _aES-MaACL
_jC-15292
_bR.43218
999 _c55347
_d55347